[Event "EIWCC 2017"]
[Site "Riga"]
[Date "2017.04.12"]
[Round "2"]
[White "Zimina, Olga"]
[Black "Khomeriki, Nino"]
[Result "1/2-1/2"]
[WhiteElo "2395"]
[BlackElo "2308"]
[Annotator "ChessBase"]
[PlyCount "95"]
[EventDate "2017.??.??"]
[EventType "swiss"]
[EventCountry "LAT"]
[SourceTitle "playchess.com"]
[Source "ChessBase"]
[SourceQuality "1"]
[TimeControl "40/5400+30:1800+30"]

1. Nf3 {[%emt 0:00:00]} d5 {[%emt 0:00:08]} 2. c4 {[%emt 0:00:00]} d4 {[%emt 0:00:06]} 3. g3 {[%emt 0:00:00]} Nc6 {[%emt 0:00:12]} 4. Bg2 {[%emt 0:00:00]} e5 {[%emt 0:00:56]} 5. d3 {[%emt 0:00:02]} Nf6 {[%emt 0:00:45]} 6. O-O {[%emt 0:00:05]} Bg4 {[%emt 0:00:12]} 7. h3 {[%emt 0:11:29]} Bf5 {[%emt 0:00:23]} 8. a3 {[%emt 0:09:00]} a5 {[%emt 0:00:45]} 9. Bg5 {[%emt 0:03:16]} Be7 {[%emt 0:10:29]} 10. Nbd2 {[%emt 0:02:08]} Nd7 {[%emt 0:08:51]} 11. Bxe7 {[%emt 0:00:21]} Qxe7 {[%emt 0:00:07]} 12. Ne1 {[%emt 0:00:21]} O-O {[%emt 0:01:43]} 13. Nc2 {[%emt 0:06:23]} a4 {[%emt 0:07:47]} 14. Re1 {[%emt 0:00:34]} Qe6 {[%emt 0:06:04]} 15. Kh2 {[%emt 0:05:13]} Qh6 {[%emt 0:01:48]} 16. Nb4 {[%emt 0:09:30]} Ne7 {[%emt 0:06:41]} 17. Nd5 {[%emt 0:16:37]} Nxd5 {[%emt 0:01:05]} 18. cxd5 {[%emt 0:00:02]} Nf6 {[%emt 0:21:23]} 19. Nf3 {[%emt 0:00:45]} Rfe8 {[%emt 0:06:28]} 20. Nh4 {[%emt 0:02:13]} Bc8 {[%emt 0:07:55]} 21. Rc1 {[%emt 0:04:28]} g5 {[%emt 0:04:47]} 22. Qd2 {[%emt 0:00:28]} e4 {[%emt 0:04:17]} 23. dxe4 {[%emt 0:05:51]} Nxe4 {[%emt 0:00:06]} 24. Bxe4 {[%emt 0:03:15]} Rxe4 {[%emt 0:00:05]} 25. Rxc7 {[%emt 0:00:22]} Bxh3 {[%emt 0:03:14]} 26. Nf3 {[%emt 0:11:19]} Be6+ {[%emt 0:04:48]} 27. Kg1 {[%emt 0:00:02]} Bxd5 {[%emt 0:00:08]} 28. Qxg5+ {[%emt 0:02:26]} Qxg5 {[%emt 0:00:05]} 29. Nxg5 {[%emt 0:00:03]} Re5 {[%emt 0:01:52]} 30. f4 {[%emt 0:02:14]} Re3 {[%emt 0:00:04]} 31. Kf2 {[%emt 0:01:24]} h6 {[%emt 0:02:10]} 32. Nf3 {[%emt 0:04:23]} Bxf3 {[%emt 0:00:09]} 33. exf3 {[%emt 0:00:02]} Rb3 {[%emt 0:00:05]} 34. Re2 {[%emt 0:01:57]} Rd8 {[%emt 0:01:09]} 35. f5 {[%emt 0:00:28]} Rd6 {[%emt 0:00:37]} 36. Rd2 {[%emt 0:00:31]} b5 {[%emt 0:00:31]} 37. g4 {[%emt 0:00:07]} Kg7 {[%emt 0:00:11]} 38. Kg3 {[%emt 0:00:46]} Kf6 {[%emt 0:00:34]} 39. Kf4 {[%emt 0:00:23]} b4 {[%emt 0:00:44]} 40. Re2 {[%emt 0:00:00]} Kg7 {[%emt 0:00:35]} 41. Ree7 {[%emt 0:16:36]} Rf6 {[%emt 0:00:57]} 42. Red7 {[%emt 0:02:50]} bxa3 {[%emt 0:15:55]} 43. bxa3 {[%emt 0:01:22]} d3 {[%emt 0:00:04]} 44. Ra7 {[%emt 0:00:22]} Rxa3 {[%emt 0:00:10]} 45. Ke4 {[%emt 0:00:14]} d2 {[%emt 0:03:14]} 46. Rxd2 {[%emt 0:00:58]} Rb6 {[%emt 0:00:13]} 47. Rd4 {[%emt 0:00:47]} Rbb3 {[%emt 0:00:29]} 48. Raxa4 {[%emt 0:04:31]} 1/2-1/2

[Event "EIWCC 2017"]
[Site "Riga"]
[Date "2017.04.12"]
[Round "2"]
[White "Bulmaga, Irina"]
[Black "Utiatskaja, Irina"]
[Result "0-1"]
[WhiteElo "2394"]
[BlackElo "2152"]
[Annotator "ChessBase"]
[PlyCount "94"]
[EventDate "2017.??.??"]
[EventType "swiss"]
[EventCountry "LAT"]
[SourceTitle "playchess.com"]
[Source "ChessBase"]
[SourceQuality "1"]
[TimeControl "40/5400+30:1800+30"]

1. e4 {[%emt 0:00:00]} c5 {[%emt 0:00:06]} 2. Nf3 {[%emt 0:00:00]} d6 {[%emt 0:00:11]} 3. d4 {[%emt 0:00:00]} cxd4 {[%emt 0:00:04]} 4. Nxd4 {[%emt 0:00:00]} Nf6 {[%emt 0:00:05]} 5. Nc3 {[%emt 0:00:04]} a6 {[%emt 0:00:10]} 6. a4 {[%emt 0:00:08]} e6 {[%emt 0:01:34]} 7. Be3 {[%emt 0:00:26]} Be7 {[%emt 0:07:11]} 8. Be2 {[%emt 0:00:20]} O-O {[%emt 0:00:26]} 9. Qd2 {[%emt 0:06:04]} Nc6 {[%emt 0:02:56]} 10. O-O {[%emt 0:03:08]} Qc7 {[%emt 0:04:02]} 11. f4 {[%emt 0:03:48]} Bd7 {[%emt 0:11:01]} 12. Nb3 {[%emt 0:04:23]} b6 {[%emt 0:01:03]} 13. Bf3 {[%emt 0:03:15]} Rab8 {[%emt 0:01:19]} 14. g4 {[%emt 0:05:54]} Bc8 {[%emt 0:10:04]} 15. g5 {[%emt 0:02:23]} Nd7 {[%emt 0:00:03]} 16. Bg2 {[%emt 0:03:01]} Re8 {[%emt 0:00:47]} 17. Rad1 {[%emt 0:00:46]} Bf8 {[%emt 0:09:01]} 18. Rf3 {[%emt 0:04:09]} Na5 {[%emt 0:04:15]} 19. Nxa5 {[%emt 0:03:26]} bxa5 {[%emt 0:00:04]} 20. Bd4 {[%emt 0:05:51]} Nb6 {[%emt 0:08:36]} 21. Qf2 {[%emt 0:04:30]} e5 {[%emt 0:01:27]} 22. Bxb6 {[%emt 0:01:30]} Qxb6 {[%emt 0:00:12]} 23. f5 {[%emt 0:12:49]} Qxf2+ {[%emt 0:02:58]} 24. Rxf2 {[%emt 0:02:32]} Rxb2 {[%emt 0:09:52]} 25. Nd5 {[%emt 0:01:40]} Bb7 {[%emt 0:00:23]} 26. f6 {[%emt 0:03:42]} Bxd5 {[%emt 0:00:36]} 27. Rxd5 {[%emt 0:02:48]} Rc8 {[%emt 0:01:39]} 28. Rxa5 {[%emt 0:11:05]} d5 {[%emt 0:03:08]} 29. Bh3 {[%emt 0:04:46]} Rc3 {[%emt 0:02:07]} 30. Kg2 {[%emt 0:00:37]} Rcxc2 {[%emt 0:05:53]} 31. Rxc2 {[%emt 0:00:03]} Rxc2+ {[%emt 0:00:04]} 32. Kg3 {[%emt 0:00:09]} dxe4 {[%emt 0:05:45]} 33. Rxa6 {[%emt 0:02:27]} e3 {[%emt 0:00:33]} 34. Ra8 {[%emt 0:01:42]} Rxh2 {[%emt 0:01:16]} 35. Kxh2 {[%emt 0:03:42]} e2 {[%emt 0:00:09]} 36. a5 {[%emt 0:00:10]} e1=Q {[%emt 0:00:06]} 37. a6 {[%emt 0:00:05]} Qf2+ {[%emt 0:03:04]} 38. Bg2 {[%emt 0:00:02]} gxf6 {[%emt 0:02:39]} 39. gxf6 {[%emt 0:02:03]} h5 {[%emt 0:00:29]} 40. a7 {[%emt 0:00:00]} Kh7 {[%emt 0:00:36]} 41. Rxf8 {[%emt 0:04:13]} Qxa7 {[%emt 0:00:28]} 42. Ra8 {[%emt 0:01:48]} Qd4 {[%emt 0:00:54]} 43. Ra2 {[%emt 0:00:49]} Kg6 {[%emt 0:00:37]} 44. Re2 {[%emt 0:00:12]} Kxf6 {[%emt 0:00:31]} 45. Re4 {[%emt 0:00:13]} Qb2 {[%emt 0:00:09]} 46. Kg3 {[%emt 0:00:18]} Kg5 {[%emt 0:00:23]} 47. Bf3 {[%emt 0:00:24]} Qc3 {[%emt 0:01:03]} 0-1

[Event "EIWCC 2017"]
[Site "Riga"]
[Date "2017.04.12"]
[Round "2"]
[White "Ziaziulkina, Nastassia"]
[Black "De Seroux, Camille"]
[Result "1/2-1/2"]
[WhiteElo "2387"]
[BlackElo "2122"]
[Annotator "ChessBase"]
[PlyCount "107"]
[EventDate "2017.??.??"]
[EventType "swiss"]
[EventCountry "LAT"]
[SourceTitle "playchess.com"]
[Source "ChessBase"]
[SourceQuality "1"]
[TimeControl "40/5400+30:1800+30"]

1. e4 {[%emt 0:00:00]} c5 {[%emt 0:00:08]} 2. Nf3 {[%emt 0:00:00]} Nc6 {[%emt 0:00:05]} 3. d4 {[%emt 0:00:11]} cxd4 {[%emt 0:00:07]} 4. Nxd4 {[%emt 0:00:03]} Nf6 {[%emt 0:00:10]} 5. Nc3 {[%emt 0:00:04]} d6 {[%emt 0:00:05]} 6. Bg5 {[%emt 0:00:24]} e6 {[%emt 0:00:08]} 7. Qd2 {[%emt 0:01:07]} Qb6 {[%emt 0:00:09]} 8. Bxf6 {[%emt 0:00:27]} gxf6 {[%emt 0:00:08]} 9. Nb3 {[%emt 0:00:04]} Bd7 {[%emt 0:00:56]} 10. Be2 {[%emt 0:00:48]} h5 {[%emt 0:00:25]} 11. f4 {[%emt 0:01:41]} O-O-O {[%emt 0:08:38]} 12. Rf1 {[%emt 0:10:05]} Na5 {[%emt 0:11:39]} 13. Nxa5 {[%emt 0:15:47]} Qxa5 {[%emt 0:00:10]} 14. O-O-O {[%emt 0:00:09]} Be7 {[%emt 0:06:49]} 15. Kb1 {[%emt 0:10:46]} Kb8 {[%emt 0:00:35]} 16. f5 {[%emt 0:01:44]} Rdg8 {[%emt 0:12:58]} 17. Bf3 {[%emt 0:02:23]} Qe5 {[%emt 0:07:16]} 18. h4 {[%emt 0:04:58]} Bc6 {[%emt 0:09:12]} 19. Qe2 {[%emt 0:10:25]} Qg3 {[%emt 0:08:09]} 20. Rh1 {[%emt 0:11:32]} Rh7 {[%emt 0:02:35]} 21. Qc4 {[%emt 0:10:37]} Qe5 {[%emt 0:07:16]} 22. Nd5 {[%emt 0:07:04]} Bxd5 {[%emt 0:09:13]} 23. exd5 {[%emt 0:00:11]} Qxf5 {[%emt 0:01:46]} 24. dxe6 {[%emt 0:08:23]} fxe6 {[%emt 0:03:24]} 25. Be4 {[%emt 0:00:02]} Qg4 {[%emt 0:01:08]} 26. Rd4 {[%emt 0:00:19]} Rc8 {[%emt 0:04:33]} 27. Qb5 {[%emt 0:01:12]} Bf8 {[%emt 0:01:49]} 28. Ra4 {[%emt 0:02:37]} f5 {[%emt 0:02:37]} 29. Bf3 {[%emt 0:00:50]} Qg7 {[%emt 0:00:59]} 30. Qa5 {[%emt 0:00:30]} a6 {[%emt 0:01:24]} 31. Rb4 {[%emt 0:00:31]} d5 {[%emt 0:00:36]} 32. Rb3 {[%emt 0:00:15]} Qc7 {[%emt 0:00:36]} 33. Qd2 {[%emt 0:00:02]} Bg7 {[%emt 0:00:41]} 34. Re1 {[%emt 0:00:26]} Qc6 {[%emt 0:00:26]} 35. Re2 {[%emt 0:00:44]} Bh6 {[%emt 0:00:30]} 36. Qd4 {[%emt 0:00:33]} Rhc7 {[%emt 0:00:27]} 37. Qf6 {[%emt 0:00:42]} Bg7 {[%emt 0:00:33]} 38. Qxe6 {[%emt 0:00:04]} Qxe6 {[%emt 0:00:20]} 39. Rxe6 {[%emt 0:00:02]} Rxc2 {[%emt 0:00:13]} 40. a3 {[%emt 0:00:00]} Rd2 {[%emt 0:01:00]} 41. Rg6 {[%emt 0:10:08]} Be5 {[%emt 0:03:32]} 42. Bxh5 {[%emt 0:01:33]} Bd4 {[%emt 0:17:15]} 43. Rd6 {[%emt 0:04:07]} Rxg2 {[%emt 0:03:45]} 44. Rxd5 {[%emt 0:00:44]} Rg1+ {[%emt 0:01:46]} 45. Ka2 {[%emt 0:00:04]} Rcc1 {[%emt 0:00:28]} 46. Rd3 {[%emt 0:06:13]} Bf6 {[%emt 0:01:18]} 47. Rxf5 {[%emt 0:01:50]} Bxh4 {[%emt 0:00:29]} 48. Bf3 {[%emt 0:00:12]} Rg7 {[%emt 0:01:57]} 49. Rb3 {[%emt 0:02:05]} Re7 {[%emt 0:02:29]} 50. Rf4 {[%emt 0:03:09]} Be1 {[%emt 0:00:13]} 51. Rf6 {[%emt 0:01:23]} Ka7 {[%emt 0:00:22]} 52. Rf8 {[%emt 0:00:33]} Rc2 {[%emt 0:01:11]} 53. Re8 {[%emt 0:02:39]} Rcc7 {[%emt 0:00:56]} 54. Rxe7 {[%emt 0:01:11]} 1/2-1/2

[Event "EIWCC 2017"]
[Site "Riga"]
[Date "2017.04.12"]
[Round "2"]
[White "Charochkina, Daria"]
[Black "Gvetadze, Sofio"]
[Result "1/2-1/2"]
[WhiteElo "2381"]
[BlackElo "2292"]
[Annotator "ChessBase"]
[PlyCount "117"]
[EventDate "2017.??.??"]
[EventType "swiss"]
[EventCountry "LAT"]
[SourceTitle "playchess.com"]
[Source "ChessBase"]
[SourceQuality "1"]
[TimeControl "40/5400+30:1800+30"]

1. c4 {[%emt 0:00:00]} e6 {[%emt 0:00:22]} 2. Nc3 {[%emt 0:00:00]} d5 {[%emt 0:00:49]} 3. d4 {[%emt 0:00:00]} Nf6 {[%emt 0:00:23]} 4. cxd5 {[%emt 0:00:11]} exd5 {[%emt 0:00:08]} 5. Bg5 {[%emt 0:00:09]} Bb4 {[%emt 0:01:15]} 6. e3 {[%emt 0:00:16]} c5 {[%emt 0:01:07]} 7. dxc5 {[%emt 0:10:32]} Be6 {[%emt 0:01:23]} 8. Bb5+ {[%emt 0:08:31]} Nc6 {[%emt 0:05:22]} 9. Qa4 {[%emt 0:04:13]} O-O {[%emt 0:01:44]} 10. Bxc6 {[%emt 0:01:37]} Bxc3+ {[%emt 0:00:06]} 11. bxc3 {[%emt 0:00:06]} bxc6 {[%emt 0:00:03]} 12. Ne2 {[%emt 0:04:46]} h6 {[%emt 0:03:07]} 13. Bxf6 {[%emt 0:00:17]} Qxf6 {[%emt 0:00:17]} 14. O-O {[%emt 0:00:46]} Qe7 {[%emt 0:02:34]} 15. Qa5 {[%emt 0:05:07]} Bf5 {[%emt 0:06:12]} 16. Nd4 {[%emt 0:08:04]} Be4 {[%emt 0:06:35]} 17. Nxc6 {[%emt 0:00:44]} Qg5 {[%emt 0:00:33]} 18. f3 {[%emt 0:00:14]} Qxe3+ {[%emt 0:01:36]} 19. Kh1 {[%emt 0:00:08]} Bd3 {[%emt 0:00:58]} 20. Rfe1 {[%emt 0:00:39]} Qf2 {[%emt 0:01:53]} 21. Ne7+ {[%emt 0:05:06]} Kh8 {[%emt 0:00:33]} 22. c6 {[%emt 0:03:02]} Bc4 {[%emt 0:07:49]} 23. c7 {[%emt 0:01:37]} Rfe8 {[%emt 0:00:31]} 24. Qa4 {[%emt 0:00:48]} Kh7 {[%emt 0:06:34]} 25. Qd7 {[%emt 0:07:08]} g6 {[%emt 0:00:36]} 26. Rg1 {[%emt 0:01:50]} Bb5 {[%emt 0:03:25]} 27. Qxd5 {[%emt 0:02:41]} Rxe7 {[%emt 0:00:05]} 28. Qxa8 {[%emt 0:00:07]} Rxc7 {[%emt 0:00:04]} 29. Qd5 {[%emt 0:01:04]} Bc4 {[%emt 0:04:24]} 30. Qd4 {[%emt 0:03:03]} Qc2 {[%emt 0:00:05]} 31. Qf4 {[%emt 0:10:32]} Rc5 {[%emt 0:01:02]} 32. Qe3 {[%emt 0:02:43]} Rg5 {[%emt 0:03:33]} 33. Rac1 {[%emt 0:02:19]} Qa4 {[%emt 0:06:43]} 34. Qd2 {[%emt 0:03:52]} Rd5 {[%emt 0:01:44]} 35. Qc2 {[%emt 0:01:08]} Qa6 {[%emt 0:00:31]} 36. Rgd1 {[%emt 0:01:01]} Ra5 {[%emt 0:00:09]} 37. Ra1 {[%emt 0:06:27]} Re5 {[%emt 0:00:18]} 38. Re1 {[%emt 0:01:20]} Rh5 {[%emt 0:00:34]} 39. Qd2 {[%emt 0:01:54]} Bd5 {[%emt 0:01:42]} 40. Qf4 {[%emt 0:00:00]} Rf5 {[%emt 0:00:39]} 41. Qd4 {[%emt 0:07:49]} Qc6 {[%emt 0:00:19]} 42. Re3 {[%emt 0:02:25]} a6 {[%emt 0:01:17]} 43. h3 {[%emt 0:01:58]} Be6 {[%emt 0:00:27]} 44. Rb1 {[%emt 0:04:26]} Rd5 {[%emt 0:02:13]} 45. Qf6 {[%emt 0:05:06]} Qd6 {[%emt 0:02:36]} 46. Rbe1 {[%emt 0:02:09]} Rf5 {[%emt 0:01:07]} 47. Qd4 {[%emt 0:00:23]} Rd5 {[%emt 0:00:09]} 48. Qa7 {[%emt 0:04:11]} Kg8 {[%emt 0:00:09]} 49. R3e2 {[%emt 0:04:19]} Rd3 {[%emt 0:02:19]} 50. c4 {[%emt 0:01:35]} Bxc4 {[%emt 0:02:13]} 51. Re8+ {[%emt 0:00:40]} Kh7 {[%emt 0:00:17]} 52. Qb7 {[%emt 0:02:09]} Qf6 {[%emt 0:03:08]} 53. a4 {[%emt 0:01:38]} Bd5 {[%emt 0:03:06]} 54. Qd7 {[%emt 0:00:04]} Qxf3 {[%emt 0:06:25]} 55. Rh8+ {[%emt 0:03:08]} Kg7 {[%emt 0:00:02]} 56. Rg8+ {[%emt 0:00:52]} Kh7 {[%emt 0:00:10]} 57. Rh8+ {[%emt 0:00:47]} Kg7 {[%emt 0:00:05]} 58. Rg8+ {[%emt 0:00:38]} Kh7 {[%emt 0:00:08]} 59. Rh8+ {[%emt 0:00:27]} 1/2-1/2

[Event "EIWCC 2017"]
[Site "Riga"]
[Date "2017.04.12"]
[Round "2"]
[White "Papp, Petra"]
[Black "Doluhanova, Evgeniya"]
[Result "1-0"]
[WhiteElo "2378"]
[BlackElo "2287"]
[Annotator "ChessBase"]
[PlyCount "107"]
[EventDate "2017.??.??"]
[EventType "swiss"]
[EventCountry "LAT"]
[SourceTitle "playchess.com"]
[Source "ChessBase"]
[SourceQuality "1"]
[TimeControl "40/5400+30:1800+30"]

1. e4 {[%emt 0:00:00]} c5 {[%emt 0:00:06]} 2. Nf3 {[%emt 0:00:00]} Nc6 {[%emt 0:00:16]} 3. Nc3 {[%emt 0:01:50]} e5 {[%emt 0:00:27]} 4. Bc4 {[%emt 0:00:52]} d6 {[%emt 0:00:30]} 5. d3 {[%emt 0:01:14]} Be7 {[%emt 0:00:07]} 6. O-O {[%emt 0:01:21]} Nf6 {[%emt 0:00:16]} 7. Ng5 {[%emt 0:04:29]} O-O {[%emt 0:00:15]} 8. f4 {[%emt 0:00:44]} Bg4 {[%emt 0:00:49]} 9. Qe1 {[%emt 0:14:26]} h6 {[%emt 0:07:10]} 10. Nf3 {[%emt 0:04:01]} exf4 {[%emt 0:03:51]} 11. Bxf4 {[%emt 0:01:02]} Nh5 {[%emt 0:01:04]} 12. Be3 {[%emt 0:03:21]} Bf6 {[%emt 0:12:33]} 13. Rb1 {[%emt 0:23:22]} Bxf3 {[%emt 0:40:28]} 14. Rxf3 {[%emt 0:02:52]} Bd4 {[%emt 0:00:54]} 15. Kh1 {[%emt 0:11:07]} Ne5 {[%emt 0:13:16]} 16. Rh3 {[%emt 0:03:39]} Bxe3 {[%emt 0:00:57]} 17. Qxe3 {[%emt 0:01:19]} Nf6 {[%emt 0:00:26]} 18. Rf1 {[%emt 0:01:42]} Nxc4 {[%emt 0:07:38]} 19. dxc4 {[%emt 0:01:00]} Re8 {[%emt 0:00:12]} 20. Rg3 {[%emt 0:04:41]} Kf8 {[%emt 0:03:52]} 21. Rgf3 {[%emt 0:01:08]} Re6 {[%emt 0:01:06]} 22. Nd5 {[%emt 0:07:18]} Rxe4 {[%emt 0:00:59]} 23. Qc3 {[%emt 0:02:36]} Rd4 {[%emt 0:01:16]} 24. Nxf6 {[%emt 0:01:34]} gxf6 {[%emt 0:00:05]} 25. Qe3 {[%emt 0:00:36]} Kg7 {[%emt 0:02:10]} 26. Qf2 {[%emt 0:04:54]} Qd7 {[%emt 0:02:00]} 27. Rxf6 {[%emt 0:00:35]} Rf8 {[%emt 0:00:06]} 28. h3 {[%emt 0:00:41]} Qe7 {[%emt 0:00:42]} 29. Qf3 {[%emt 0:01:09]} Re4 {[%emt 0:00:34]} 30. b3 Re6 {[%emt 0:00:46]} 31. Qg4+ {[%emt 0:01:16]} Kh7 {[%emt 0:00:04]} 32. Qh4 {[%emt 0:00:27]} Rxf6 {[%emt 0:00:17]} 33. Rxf6 {[%emt 0:00:04]} Qe3 {[%emt 0:00:04]} 34. Rxd6 {[%emt 0:01:05]} Re8 {[%emt 0:01:20]} 35. Rd7 {[%emt 0:00:34]} Kg7 {[%emt 0:00:46]} 36. Qg4+ {[%emt 0:00:13]} Kf8 {[%emt 0:00:06]} 37. Qf5 {[%emt 0:00:38]} Re7 {[%emt 0:00:27]} 38. Rd8+ {[%emt 0:00:26]} Kg7 {[%emt 0:00:23]} 39. Qg4+ {[%emt 0:00:35]} Qg5 {[%emt 0:00:17]} 40. Qxg5+ {[%emt 0:00:00]} hxg5 {[%emt 0:00:05]} 41. Rd5 {[%emt 0:01:26]} Kg6 {[%emt 0:05:47]} 42. Rxc5 {[%emt 0:01:17]} Re2 {[%emt 0:00:37]} 43. Rc7 {[%emt 0:08:06]} Rxc2 {[%emt 0:00:16]} 44. a4 {[%emt 0:00:29]} b6 {[%emt 0:01:46]} 45. Rxa7 {[%emt 0:00:25]} Rb2 {[%emt 0:00:07]} 46. Ra6 {[%emt 0:00:36]} Rxb3 {[%emt 0:00:14]} 47. c5 {[%emt 0:05:38]} Kh5 {[%emt 0:09:13]} 48. cxb6 {[%emt 0:01:59]} f5 {[%emt 0:00:29]} 49. a5 {[%emt 0:04:40]} g4 {[%emt 0:12:27]} 50. hxg4+ {[%emt 0:00:07]} fxg4 {[%emt 0:00:05]} 51. Kh2 {[%emt 0:01:24]} Kh4 {[%emt 0:00:15]} 52. g3+ {[%emt 0:00:04]} Kg5 {[%emt 0:00:03]} 53. Ra8 {[%emt 0:01:10]} Rb5 {[%emt 0:01:44]} 54. a6 {[%emt 0:05:01]} 1-0

[Event "EIWCC 2017"]
[Site "Riga"]
[Date "2017.04.12"]
[Round "2"]
[White "Arakhamia-Grant, Ketevan"]
[Black "Travkina, Anastasia"]
[Result "1-0"]
[WhiteElo "2374"]
[BlackElo "2287"]
[Annotator "ChessBase"]
[PlyCount "107"]
[EventDate "2017.??.??"]
[EventType "swiss"]
[EventCountry "LAT"]
[SourceTitle "playchess.com"]
[Source "ChessBase"]
[SourceQuality "1"]
[TimeControl "40/5400+30:1800+30"]

1. e4 {[%emt 0:00:00]} c5 {[%emt 0:00:05]} 2. Nf3 {[%emt 0:00:06]} d6 {[%emt 0:00:08]} 3. Bb5+ {[%emt 0:00:50]} Bd7 4. Bxd7+ {[%emt 0:06:31]} Qxd7 {[%emt 0:00:22]} 5. O-O {[%emt 0:00:20]} Nc6 {[%emt 0:00:11]} 6. c3 {[%emt 0:00:45]} Nf6 {[%emt 0:00:10]} 7. Re1 {[%emt 0:00:14]} e6 {[%emt 0:00:22]} 8. d4 {[%emt 0:02:02]} cxd4 {[%emt 0:00:13]} 9. cxd4 {[%emt 0:00:04]} d5 {[%emt 0:00:07]} 10. e5 {[%emt 0:01:09]} Ne4 {[%emt 0:00:07]} 11. a3 {[%emt 0:00:43]} Be7 {[%emt 0:02:13]} 12. Nbd2 {[%emt 0:00:23]} Nxd2 {[%emt 0:00:12]} 13. Bxd2 {[%emt 0:00:04]} O-O {[%emt 0:00:25]} 14. Rc1 {[%emt 0:00:10]} Rfc8 {[%emt 0:00:33]} 15. Rc3 {[%emt 0:00:45]} Nd8 {[%emt 0:00:34]} 16. Rd3 {[%emt 0:03:41]} Qb5 {[%emt 0:01:50]} 17. Bc3 {[%emt 0:02:49]} Rc7 {[%emt 0:16:17]} 18. h4 {[%emt 0:01:05]} h6 {[%emt 0:03:43]} 19. Nh2 {[%emt 0:05:03]} Rac8 {[%emt 0:07:35]} 20. a4 {[%emt 0:09:47]} Qa6 {[%emt 0:07:52]} 21. Ng4 {[%emt 0:00:29]} Rc4 {[%emt 0:08:43]} 22. Rg3 {[%emt 0:06:57]} Kf8 {[%emt 0:10:00]} 23. Ne3 {[%emt 0:09:13]} Rxa4 {[%emt 0:02:26]} 24. Qg4 {[%emt 0:00:36]} Ke8 {[%emt 0:19:09]} 25. Qxg7 {[%emt 0:08:06]} Bxh4 {[%emt 0:06:57]} 26. Rf3 {[%emt 0:01:49]} Be7 {[%emt 0:02:36]} 27. Ng4 {[%emt 0:05:20]} Ra1 {[%emt 0:02:58]} 28. Rxa1 {[%emt 0:01:01]} Qxa1+ {[%emt 0:00:02]} 29. Kh2 {[%emt 0:00:05]} Kd7 {[%emt 0:03:08]} 30. Nxh6 {[%emt 0:09:35]} Qd1 {[%emt 0:01:44]} 31. Ng8 {[%emt 0:11:28]} b6 {[%emt 0:01:16]} 32. Rh3 {[%emt 0:10:09]} a5 {[%emt 0:02:19]} 33. Nxe7 {[%emt 0:03:47]} Kxe7 {[%emt 0:00:02]} 34. Rh8 {[%emt 0:00:18]} Kd7 {[%emt 0:00:04]} 35. Qf8 {[%emt 0:00:54]} Kc6 {[%emt 0:02:19]} 36. Qe8+ {[%emt 0:00:49]} Kc7 {[%emt 0:00:33]} 37. f3 {[%emt 0:00:38]} Qc1 {[%emt 0:00:53]} 38. Qe7+ {[%emt 0:00:34]} Kb8 {[%emt 0:00:01]} 39. Qd6+ {[%emt 0:00:35]} Kb7 {[%emt 0:00:01]} 40. Qe7+ {[%emt 0:00:00]} Kb8 {[%emt 0:01:21]} 41. Rxd8 {[%emt 0:12:56]} Qh6+ {[%emt 0:00:10]} 42. Kg3 {[%emt 0:00:28]} Qg6+ {[%emt 0:00:11]} 43. Kf2 {[%emt 0:02:04]} Qc2+ {[%emt 0:00:08]} 44. Ke3 {[%emt 0:01:29]} Qc1+ {[%emt 0:04:24]} 45. Ke2 {[%emt 0:00:39]} Rxd8 {[%emt 0:00:36]} 46. Qxd8+ {[%emt 0:00:18]} Kb7 {[%emt 0:00:02]} 47. Qd7+ {[%emt 0:01:27]} Ka6 {[%emt 0:00:02]} 48. Qxf7 {[%emt 0:00:37]} a4 {[%emt 0:03:36]} 49. Qxe6 {[%emt 0:02:20]} Qc2+ {[%emt 0:02:48]} 50. Ke3 {[%emt 0:01:53]} Qxg2 {[%emt 0:00:39]} 51. Qxd5 {[%emt 0:02:39]} Qg1+ {[%emt 0:00:05]} 52. Kd2 {[%emt 0:01:23]} Qf2+ {[%emt 0:01:13]} 53. Kc1 {[%emt 0:00:27]} Qf1+ {[%emt 0:01:48]} 54. Kc2 {[%emt 0:00:27]} 1-0

[Event "EIWCC 2017"]
[Site "Riga"]
[Date "2017.04.12"]
[Round "2"]
[White "Osmanodja, Filiz"]
[Black "Chan, Naruna"]
[Result "0-1"]
[WhiteElo "2370"]
[BlackElo "1981"]
[Annotator "ChessBase"]
[PlyCount "80"]
[EventDate "2017.??.??"]
[EventType "swiss"]
[EventCountry "LAT"]
[SourceTitle "playchess.com"]
[Source "ChessBase"]
[SourceQuality "1"]
[TimeControl "40/5400+30:1800+30"]

1. e4 {[%emt 0:00:00]} c5 {[%emt 0:00:11]} 2. Nf3 {[%emt 0:00:00]} Nc6 {[%emt 0:00:16]} 3. Nc3 {[%emt 0:00:00]} e5 {[%emt 0:00:42]} 4. Bc4 {[%emt 0:00:00]} d6 {[%emt 0:00:37]} 5. d3 {[%emt 0:00:09]} Be7 {[%emt 0:00:29]} 6. Nd2 Nf6 {[%emt 0:00:32]} 7. Nf1 {[%emt 0:00:32]} Nd7 8. Ne3 {[%emt 0:07:52]} Nb6 {[%emt 0:04:22]} 9. Ncd5 {[%emt 0:02:51]} O-O {[%emt 0:10:13]} 10. O-O {[%emt 0:01:48]} Bg5 {[%emt 0:07:44]} 11. c3 {[%emt 0:04:21]} Ne7 {[%emt 0:10:04]} 12. Nxb6 {[%emt 0:03:37]} axb6 {[%emt 0:00:53]} 13. Qb3 {[%emt 0:02:10]} Bd7 {[%emt 0:03:43]} 14. f4 {[%emt 0:14:17]} exf4 {[%emt 0:12:03]} 15. Nd5 {[%emt 0:09:48]} Nxd5 {[%emt 0:05:36]} 16. Bxd5 {[%emt 0:00:03]} Ba4 {[%emt 0:00:20]} 17. Qc4 {[%emt 0:00:43]} b5 {[%emt 0:01:22]} 18. Bxf7+ {[%emt 0:00:07]} Rxf7 {[%emt 0:00:45]} 19. Qd5 {[%emt 0:00:02]} b4 20. Bxf4 {[%emt 0:05:59]} Bxf4 {[%emt 0:04:05]} 21. Rxf4 {[%emt 0:00:01]} Qe7 {[%emt 0:00:24]} 22. cxb4 {[%emt 0:06:18]} cxb4 {[%emt 0:00:44]} 23. Rxf7 {[%emt 0:00:56]} Qxf7 {[%emt 0:00:05]} 24. Qxd6 {[%emt 0:00:14]} Rf8 {[%emt 0:00:51]} 25. h3 {[%emt 0:05:42]} Qf2+ {[%emt 0:04:53]} 26. Kh2 Qxb2 {[%emt 0:09:08]} 27. Qe6+ {[%emt 0:04:20]} Kh8 {[%emt 0:00:34]} 28. Rf1 {[%emt 0:00:03]} Rg8 {[%emt 0:00:39]} 29. Rf5 {[%emt 0:02:42]} h6 {[%emt 0:02:51]} 30. Rh5 {[%emt 0:09:40]} Re8 {[%emt 0:01:21]} 31. Qf7 {[%emt 0:04:15]} Bc6 {[%emt 0:02:43]} 32. Rc5 {[%emt 0:00:02]} Qf6 33. Qh5 {[%emt 0:08:52]} Rd8 {[%emt 0:02:35]} 34. Rf5 {[%emt 0:02:12]} Qe6 {[%emt 0:02:53]} 35. e5 {[%emt 0:05:32]} Rxd3 {[%emt 0:00:49]} 36. Qg4 {[%emt 0:00:44]} Kh7 {[%emt 0:00:38]} 37. Rg5 {[%emt 0:01:11]} Qxg4 {[%emt 0:00:20]} 38. Rxg4 {[%emt 0:00:01]} Re3 {[%emt 0:00:50]} 39. Rxb4 {[%emt 0:00:08]} Rxe5 {[%emt 0:00:11]} 40. Rb2 {[%emt 0:00:00]} Ra5 {[%emt 0:00:37]} 0-1